Online Catalogue and eLibrary

This total art : (Record no. 3072)

MARC details
000 -LEADER
fixed length control field 00458nam a2200181Ia 4500
005 - DATE AND TIME OF LATEST TRANSACTION
control field 20240902012430.0
008 - FIXED-LENGTH DATA ELEMENTS--GENERAL INFORMATION
fixed length control field 240331s9999 xx 000 0 und d
020 ## - INTERNATIONAL STANDARD BOOK NUMBER
ISBN 8646299116
082 ## - DDC Classification
Item Number - Author Mark GOO
Class No. 792
100 ## - MAIN ENTRY--PERSONAL NAME
Personal name Goonewardene, S
245 #0 - TITLE STATEMENT
Title This total art :
Remainder of title perceptions of Sri Lankan theatre
260 ## - PUBLICATION, DISTRIBUTION, ETC.
Place of publication, distribution, etc. Murrumbeena
Name of publisher, distributor, etc. Lantana Publishing
Date of publication, distribution, etc.
300 ## - PHYSICAL DESCRIPTION
Extent (e.g. Volumes, Pages etc.) xxiv, 247 p .,
650 ## - SUBJECT ADDED ENTRY--TOPICAL TERM
Topical term or geographic name entry element Art
650 ## - SUBJECT ADDED ENTRY--TOPICAL TERM
Topical term or geographic name entry element Theatre
650 ## - SUBJECT ADDED ENTRY--TOPICAL TERM
Topical term or geographic name entry element Political
942 ## - Koha item type (Biblio)
Koha item type Books in Stacks (Lending)
Holdings
Lost status Damaged status Collection code Home library Current library Shelving location Date acquired Full call number Accession Number Item type
    Lending WERC Library WERC Library Social Science Cupboard 03/31/2024 792 GOO 5098 Books in Stacks (Lending)

© WERC Library